Biologické účinky resveratrolu a ich vplyv na ľudské zdravie

Na minha lista:
Detalhes bibliográficos
Autor principal: Prášilová, Mária (Author)
Outros Autores: Kováčová, Mária (Thesis advisor)
Formato: Manuscrito Livro
Idioma:eslovaco
Publicado em: 2015
Assuntos:
Acesso em linha:http://is.stuba.sk/zp/portal_zp.pl?podrobnosti=104433
Tags: Adicionar Tag
Sem tags, seja o primeiro a adicionar uma tag!

MARC

LEADER 00000ntm a22000003a 4500
001 stuzp53020
003 SK-STU
005 20160719154343.3
007 ta
008 150427s2015----xo-----f-mn---000-0-slo-d
040 |a STU  |b slo 
041 0 |a slo 
100 1 |a Prášilová, Mária  |u 043360  |4 aut  |U FCHPT Ústav biochémie, výživy a ochrany zdravia  |T FCHPT Oddelenie výživy a hodnotenia potravín  |X 70746  |U C3360  |Y 114  |7 70746 
242 0 1 |a The biological effects of resveratrol and their influence on human health  |y eng 
245 1 0 |a Biologické účinky resveratrolu a ich vplyv na ľudské zdravie 
260 |c 2015 
650 4 |a resveratrol  |2 slo 
650 4 |a zdraviu prospešné účinky  |2 slo 
650 4 |a biologická dostupnosť  |2 slo 
650 4 |a nanoštruktúrované transportné systémy  |2 slo 
650 4 |a zdroje resveratrolu  |2 slo 
650 4 |a resveratrol  |2 eng 
650 4 |a beneficial effects on human health  |2 eng 
650 4 |a bioavailability  |2 eng 
650 4 |a nanostructured delivery systems  |2 eng 
650 4 |a sources of resveratrol  |2 eng 
700 1 |a Kováčová, Mária  |4 ths  |X 3364  |7 A000003364 
856 4 |u http://is.stuba.sk/zp/portal_zp.pl?podrobnosti=104433 
SQL |a stuzp53020  |b DBP  |c SLO  |d Biologické účinky resveratrolu a ich vplyv na ľudské zdravie  |e 70746  |f Kocianová, Mária  |g 043360  |h 3364  |i Kováčová, Mária  |j 20150713  |k 752  |l 04  |m http://is.stuba.sk/zp/portal_zp.pl?podrobnosti=104433  |n B-BIOPOT  |o 5.2.25. biotechnológie